Catalog

Record Details

Catalog Search



Zákon o sociálně-právní ochraně dětí s komentářem  Cover Image Book Book

Zákon o sociálně-právní ochraně dětí s komentářem / Věra Novotná, Eva Burdová, Jana Riedlová Jurková

Record details

  • ISBN: 978-80-7554-022-5
  • Physical Description: 807 stran ; 21 cm
  • Edition: 2. aktualizované vydání
  • Publisher: Olomouc : ANAG, 2016

Content descriptions

General Note:
Podrobný komentář, související ustanovení, literatura, související právní předpisy
Subject: Zákon o sociálně-právní ochraně dětí č. 359/1999 Sb.
sociálně-právní ochrana dětí
rodinné právo
sociální právo
Česko
Genre: zákony
komentáře

Available copies

  • 0 of 1 copy available at Common Catalog SPOK.

Holds

  • 0 current holds with 1 total copy.
Show All Copies
Location Call Number / Copy Notes Barcode Shelving Location Status Due Date

LDR 01795nam a22004337i 4500
00124075
003CZ-PrJAB
00520160726125216.0
007ta
008141216s2016 xr | f 000 0 cze
020 . ‡a978-80-7554-022-5 ‡q(brožováno)
035 . ‡a(CZ PrCU)002089114
040 . ‡aOLA001 ‡bcze ‡dABD003 ‡dPNE202 ‡erda
043 . ‡ae-xr---
072 7. ‡a347 ‡xSoukromé právo ‡2Konspekt ‡916
1001 . ‡aNovotná, Věra ‡7jn20010309328 ‡4aut
24510. ‡aZákon o sociálně-právní ochraně dětí s komentářem / ‡cVěra Novotná, Eva Burdová, Jana Riedlová Jurková
250 . ‡a2. aktualizované vydání
264 1. ‡aOlomouc : ‡bANAG, ‡c2016
300 . ‡a807 stran ; ‡c21 cm
336 . ‡atext ‡btxt ‡2rdacontent
337 . ‡abez média ‡bn ‡2rdamedia
338 . ‡asvazek ‡bnc ‡2rdacarrier
4901 . ‡aPrávo
500 . ‡aPodrobný komentář, související ustanovení, literatura, související právní předpisy
63004. ‡aZákon o sociálně-právní ochraně dětí ‡nč. 359/1999 Sb.
65007. ‡asociálně-právní ochrana dětí ‡7ph297054 ‡2czenas
65007. ‡arodinné právo ‡7ph116052 ‡2czenas
65007. ‡asociální právo ‡7ph117265 ‡2czenas
651 7. ‡aČesko ‡7ge128065 ‡2czenas
655 7. ‡azákony ‡7fd133886 ‡2czenas
655 7. ‡akomentáře ‡7fd132578 ‡2czenas
7001 . ‡aBurdová, Eva ‡7mzk2003180470 ‡4aut
7001 . ‡aRiedlová Jurková, Jana ‡7xx0192079 ‡4aut
830 0. ‡aPrávo (Anag)
910 . ‡aABG312
901 . ‡a24075 ‡b ‡c24075 ‡tbiblio

Additional Resources